Assessing the idea of academic writing a project of constructing a copncept and the implications when used outside the academic context: (Record no. 130610)
[ view plain ]
| 000 -LEADER | |
|---|---|
| fixed length control field | 00573nam a22001457a 4500 |
| 008 - FIXED-LENGTH DATA ELEMENTS--GENERAL INFORMATION | |
| fixed length control field | 201030b ||||| |||| 00| 0 eng d |
| 050 ## - LIBRARY OF CONGRESS CALL NUMBER | |
| Classification number | SPC DT1.T46 M987 |
| 100 ## - MAIN ENTRY--PERSONAL NAME | |
| Personal name | Musona, Justin |
| 9 (RLIN) | 50145 |
| 245 ## - TITLE STATEMENT | |
| Title | Assessing the idea of academic writing a project of constructing a copncept and the implications when used outside the academic context: |
| Remainder of title | A critique of the culture ideology |
| Statement of responsibility, etc | / by Justin Musona |
| 260 ## - PUBLICATION, DISTRIBUTION, ETC. (IMPRINT) | |
| Place of publication, distribution, etc | Harare: |
| Name of publisher, distributor, etc | Arrupe Jesuit University, |
| Date of publication, distribution, etc | 2019. |
| 300 ## - PHYSICAL DESCRIPTION | |
| Extent | iii, 91p. ; |
| Dimensions | 30cm. |
| 500 ## - GENERAL NOTE | |
| General note | Thesis |
| 650 ## - SUBJECT ADDED ENTRY--TOPICAL TERM | |
| Topical term or geographic name as entry element | Writing, Academic |
| 9 (RLIN) | 50146 |
| 942 ## - ADDED ENTRY ELEMENTS (KOHA) | |
| Source of classification or shelving scheme | Library of Congress Classification |
| Item type | SPC |
| Withdrawn status | Lost status | Source of classification or shelving scheme | Damaged status | Not for loan | Collection code | Home library | Current library | Date acquired | Total Checkouts | Full call number | Barcode | Date last seen | Price effective from | Koha item type |
|---|---|---|---|---|---|---|---|---|---|---|---|---|---|---|
| Library of Congress Classification | Not For Loan | SPECIAL Collection | ARRUPE LIBRARY | ARRUPE LIBRARY | 30/10/2020 | SPC DT1.T46 M987 | 46600008209 | 30/10/2020 | 30/10/2020 | SPC |